000 00298nam a22001337a 4500
008 170810b xxu||||| |||| 00| 0 eng d
020 _a9781418836436
041 _aeng
080 _a004
100 _a35
101 _aSHK
245 _aMICROSOFT VISUAL BASIC 2005
_cJOHNSON,R.A
942 _2udc
_cBK
999 _c23197
_d23197